Wszyscy Zwycięzcy Eurowizji w historii - Statystyki

Ogólne statystyki
  • Ten quiz został rozwiązany 38 razy
  • Średni wynik to 32 z 71
Statystyki odpowiedzi
Rok Wykonawca Kraj % Poprawnych
2024 Nemo Szwajcaria
87%
2023 Loreen Szwecja
87%
2022 Kalush Orchestra Ukraina
87%
2021 Måneskin Włochy
87%
2018 Netta Izrael
81%
2014 Conchita Wurst Austria
77%
2019 Duncan Laurence Holandia
77%
2009 Alexander Rybak Norwegia
77%
2012 Loreen Szwecja
77%
2015 Måns Zelmerlöw Szwecja
74%
2017 Salvador Sobral Portugalia
71%
2007 Marija Šerifović Serbia
71%
1974 ABBA Szwecja
71%
2016 Jamala Ukraina
68%
2006 Lordi Finlandia
65%
2010 Lena Meyer-Landrut Niemcy
65%
2008 Dima Biłan Rosja
65%
1956 Lys Assia Szwajcaria
65%
2004 Rusłana Ukraina
65%
2011 Ell i Nikki Azerbejdżan
58%
2013 Emmelie de Forest Dania
58%
1988 Céline Dion Szwajcaria
58%
2005 Elena Paparizou Grecja
52%
1980 Johnny Logan Irlandia
52%
1994 Paul Harrington Charlie McGettigan Irlandia
52%
1958 André Claveau Francja
48%
1987 Johnny Logan Irlandia
48%
2000 Olsen Brothers Dania
42%
2001 Tanel Padar, Dave Benton i 2XL Estonia
42%
2003 Sertab Erener Turcja
42%
1992 Linda Martin Irlandia
39%
1993 Niamh Kavanagh Irlandia
39%
2002 Marie N Łotwa
39%
1961 Jean-Claude Pascal Luksemburg
39%
1999 Charlotte Nilsson Szwecja
39%
1990 Toto Cutugno Włochy
39%
1960 Jacqueline Boyer Francja
35%
1996 Eimear Quinn Irlandia
35%
1998 Dana International Izrael
35%
1997 Katrina and the Waves Wielka Brytania
35%
1957 Corry Brokken Holandia
32%
1965 France Gall Luksemburg
32%
1984 Herreys Szwecja
32%
1991 Carola Szwecja
32%
1976 Brotherhood of Man Wielka Brytania
32%
1966 Udo Jürgens Austria
29%
1986 Sandra Kim Belgia
29%
1977 Marie Myriam Francja
29%
1968 Massiel Hiszpania
29%
1969 Lenny Kuhr Holandia
29%
1978 Jizhar Kohen i Alphabeta Izrael
29%
1979 Gali Atari i Milk and Honey Izrael
29%
1969 Lulu Wielka Brytania
29%
1964 Gigliola Cinquetti Włochy
29%
1969 Frida Boccara Francja
26%
1969 Salomé Hiszpania
26%
1959 Teddy Scholten Holandia
26%
1975 Teach-In Holandia
26%
1989 Riva Jugosławia
26%
1972 Vicky Leandros Luksemburg
26%
1973 Anne-Marie David Luksemburg
26%
1983 Corinne Hermès Luksemburg
26%
1982 Nicole Niemcy
26%
1995 Secret Garden Norwegia
26%
1967 Sandie Shaw Wielka Brytania
26%
1981 Bucks Fizz Wielka Brytania
26%
1963 Isabelle Aubret Dania
23%
1962 Grethe i Jørgen Ingmannowie Francja
23%
1970 Dana Irlandia
23%
1971 Séverine Monako
23%
1985 Bobbysocks Norwegia
23%
Nie znaleziono quizów pasujących do podanych kryteriów
Rozkład punktacji
Procent ludzi z każdym wynikiem
Percentyl według liczby udzielonych odpowiedzi
Twoja historia wyników
Nie rozwiązałeś tego quizu